Jubileum vojvodinských Slovákov

Bibliographic Details
Main Author: Pisárčiková, Mária, 1937- (Author)
Format: Article
Language:Slovak
ISSN:0023-5202
Subjects:

MARC

LEADER 00000nab a2200000 a 4500
001 vtls000634330
003 SK-MaSNL
005 20260304095752.0
008 250425c1997 xo | | o 0b slo
015 |a SNBRB19rr/mm-uuuuu 
035 |a CL0634469 
035 |a urn:nbn:sk:snk-ab1mrh 
035 |a (urnnbn)urn:nbn:sk:snk:ar-004kp8 
035 |a (uuid)91e09eaf-3ffe-4672-b22c-2850604fd456 
040 |a SNKBUCL  |b slo  |c SNKBUCL  |e AACR2 
041 0 |a slo 
044 |a xo  |c SK 
080 |a 949.711(=854)"17/19"(082)(048)  |2 1981 
080 |a 943.76"17/19"(082)(048)  |2 1981 
100 1 |a Pisárčiková, Mária,  |d 1937-  |4 aut  |9 90042 
245 1 0 |a Jubileum vojvodinských Slovákov  |c Mária Pisárčiková 
650 0 7 |a Slováci  |z Vojvodina (Srbsko)  |x dejiny  |2 snkbucl  |9 531173 
650 0 7 |a Slováci  |z Srbsko  |x dejiny  |2 snkbucl  |9 396410 
651 7 |a Vojvodina (Srbsko)  |2 snkbucl  |9 27375 
651 7 |a Srbsko  |2 snkbucl  |9 31535 
655 7 |a recenzie  |2 snkbucl  |9 21907 
773 0 |t Kultúra slova  |g Roč. 31, č. 3 (1997), s. 174-175  |x 0023-5202 
787 0 8 |i Rec.:  |a Dudok, Miroslav  |t Dvestopäťdesiat rokov života Slovákov vo Vojvodine  |d Nový Sad - Belehrad : Spolok vojvodinských slovakistov, 1996 
850 |a Slovenská národná knižnica 
852 |a Slovenská národná knižnica 
954 |a odborná, vedecká literatúra pôvodná (slovenská)  |2 lita 
958 |a article27 
958 |a OND 
958 |a RY 
958 |a SK 
958 |a RK 
958 |a RC 
958 |a EUIPO 
999 |c 2834318  |d 2836248